Grundzüge der deutschen wirtschaltsges chichte bis zum 17 tahrhundert / (Record no. 87328)

MARC details
000 -LEADER
campo de control de longitud fija 00436nam a2200145 i 4500
001 - NÚMERO DE CONTROL
campo de control 87328
003 - IDENTIFICADOR DE NÚMERO DE CONTROL
campo de control ES-MaACL
007 - CAMPO FIJO DE DESCRIPCIÓN FÍSICA--INFORMACIÓN GENERAL
campo de control de longitud fija t|
008 - DATOS DE LONGITUD FIJA--INFORMACIÓN GENERAL
campo de control de longitud fija 041221s1921 ddr ||||1| ger d
100 1# - ENTRADA PRINCIPAL--NOMBRE DE PERSONA
Nombre de persona Koetzschke, Rudolf.
9 (RLIN) 68463
245 10 - MENCIÓN DEL TÍTULO
Título Grundzüge der deutschen wirtschaltsges chichte bis zum 17 tahrhundert /
Mención de responsabilidad, etc. von Rudolf Koetzsche.
260 ## - PUBLICACIÓN, DISTRIBUCIÓN, ETC.
Lugar de publicación, distribución, etc. Leipzig :
Nombre del editor, distribuidor, etc. B.G. Teubner,
Fecha de publicación, distribución, etc. 1921.
300 ## - DESCRIPCIÓN FÍSICA
Extensión 194 p. ;
Dimensiones 26 cm.
852 ## - LOCALIZACIÓN
Ubicación ES-MaACL
Número de control de estantería G-15710
Holdings
Estatus retirado Estado de pérdida Estado de daño No para préstamo Biblioteca de origen Biblioteca actual Ubicación en estantería Fecha de adquisición Fuente de adquisición Total de préstamos Signatura topográfica completa Código de barras Visto por última vez Precio de reemplazo Tipo de ítem Koha
        Biblioteca del Ateneo de Madrid Biblioteca del Ateneo de Madrid Sala Pecera Planta 3 17/01/2008     G-15710 1091235 23/02/2023 23/02/2023 Libro impreso